000
00273nam a2200097Ia 4500
001
641679
005
20250826153512.0
008
250824s9999 xx 000 0 und d
245
0
_a
DÜNYANIN MERKEZİNE YOLCULUK GENÇLİK KLASİKLERİ
_c
JULES VERNE
260
_b
TİMAŞ ÇOCUK
999
_c
641679
_d
641679